| 000 | 01040cam a22003377a 4500 | ||
|---|---|---|---|
| 003 | CHAP | ||
| 005 | 20220817041852.0 | ||
| 008 | 971013s1983 ch a r 00010 eng d | ||
| 010 | _a27099 | ||
| 011 | _a28071 | ||
| 035 | _a32172 | ||
| 040 | _cCHAP | ||
| 090 | _aFolleto 8840 | ||
| 100 | 0 | 0 |
_aLahav, E. _964470 |
| 245 | 1 | 0 | _aBanana nutrition |
| 260 |
_aBern : _bInternational Potash Institute, _c1983 |
||
| 300 |
_a62 p. _b: ilus. ; gráfs |
||
| 490 | 0 |
_aIPI Bulletin _v; 7 |
|
| 590 |
_aBATCH-UPD _b10 _c20130110 _lUCH01 _h1203 |
||
| 590 |
_aBATCH-UPD _b10 _c20130410 _lUCH01 _h0745 |
||
| 590 |
_aBATCH-UPD _b10 _c20130914 _lUCH01 _h1401 |
||
| 590 |
_aCONVERSION _b10 _c20130109 _lUCH01 _h1316 |
||
| 650 | 1 | 4 |
_aFertilizantes _xEfecto en plantas. |
| 650 | 1 | 4 |
_aPlátano _xElementos minerales. _989228 |
| 700 | 0 |
_aTurner, David W. _9115650 |
|
| 710 | 0 |
_aInstituto Internacional de la Potasa. _959229 |
|
| 830 | 0 |
_aIPI Bulletin _v; 7 |
|
| 901 | _aBK | ||
| 942 | _cFOLL | ||
| 949 |
_aFolleto 8840 _bBC _cFOLL _d-74423 _eTS1 _i32172 _mDir _si _t857.85 |
||
| 999 |
_c27099 _d27099 |
||